00733nam a2200217 a 4500008004100000020002200041100002300063245012800086260003800214300003500252440004200287500002200329650002600351650002600377650003600403700002300439700002600462003000100488005001700489040000900506  a020150992X (pbk.)1 aBover, David C. C.10aAda :ba first course in programming and software engineering /cDavid C.C. Bover, Kevin J. Maciunas, Michael J. Oudshoorn. aSydney :bAddison-Wesley,cc1992. axxvi, 391 p. :bill. ;c24 cm. 0aInternational computer science series aIncludes indexes. 0aComputer programming. 0aSoftware engineering. 0aAda (Computer program language)1 aMaciunas, Kevin J.1 aOudshoorn, Michael J.20230123133819.0 cNUST